Medio Atrato : (Registro nro. 6234)

Detalles MARC
000 -LEADER
fixed length control field 00987nam a2200229Ia 4500
003 - CONTROL NUMBER IDENTIFIER
control field OSt
005 - DATE AND TIME OF LATEST TRANSACTION
control field 20200922190638.0
008 - FIXED-LENGTH DATA ELEMENTS--GENERAL INFORMATION
fixed length control field 191128s2002 ck ab gr 000 0 spa d
020 ## - INTERNATIONAL STANDARD BOOK NUMBER
International Standard Book Number 9588196019
040 ## - CATALOGING SOURCE
Original cataloging agency CO-JMCR
Transcribing agency CO-JMCR
041 0# - LANGUAGE CODE
Language code of text/sound track or separate title spa
082 04 - DEWEY DECIMAL CLASSIFICATION NUMBER
Classification number 918.6127 /
Item number M491m
Edition number 23
245 00 - TITLE STATEMENT
Title Medio Atrato :
Remainder of title territorio de vida /
260 ## - PUBLICATION, DISTRIBUTION, ETC.
Place of publication, distribution, etc. Bogotá :
Name of publisher, distributor, etc. Red de Solidaridad Social,
Date of publication, distribution, etc. 2002
300 ## - PHYSICAL DESCRIPTION
Extent 272 páginas :
Other physical details ilustraciones y mapas a blanco y negro ;
Dimensions 28 cm.
504 ## - BIBLIOGRAPHY, ETC. NOTE
Bibliography, etc. note Bibliografía: páginas 271-272
505 0# - FORMATTED CONTENTS NOTE
Formatted contents note El Medio Atrato -- Las comunidades -- Proceso organizativo -- Las relaciones interétnicas en defensa del territorio tradicional del Pacífico -- Propuesta de titulación colectiva -- Retos de la situación actual
650 14 - SUBJECT ADDED ENTRY--TOPICAL TERM
Topical term or geographic name entry element Asociación Campesina Integral del Atrato
9 (RLIN) 10701
650 14 - SUBJECT ADDED ENTRY--TOPICAL TERM
Topical term or geographic name entry element Fines y objetivos
General subdivision etnología
Geographic subdivision Colombia
9 (RLIN) 10702
650 14 - SUBJECT ADDED ENTRY--TOPICAL TERM
Topical term or geographic name entry element Negros
General subdivision vida social y costumbres
Geographic subdivision Pacífico (Región, Colombia)
9 (RLIN) 10703
942 ## - ADDED ENTRY ELEMENTS (KOHA)
Source of classification or shelving scheme Dewey Decimal Classification
Koha item type Books
Existencias
Withdrawn status Lost status Source of classification or shelving scheme Damaged status Not for loan Collection code Home library Current library Date acquired Source of acquisition Total Checkouts Full call number Barcode Date last seen Date last checked out Copy number Koha item type
    Dewey Decimal Classification     Non-fiction Biblioteca Pública José María del Castillo y Rada Biblioteca Pública José María del Castillo y Rada 04/15/2018 Donación 2 918.6127 / M491m 430012247 10/09/2025 10/09/2025 Ej.1 Books